La pena de privación del derecho a conducir vehículos a motor y ciclomotores en el sistema penal español (Registro nro. 171584)
[ vista simple ]
| 000 -LEADER | |
|---|---|
| fixed length control field | 02970nam a22002657a 4500 |
| 007 - PHYSICAL DESCRIPTION FIXED FIELD--GENERAL INFORMATION | |
| fixed length control field | cr|||| |||| |
| 008 - FIXED-LENGTH DATA ELEMENTS--GENERAL INFORMATION | |
| fixed length control field | 220516s2021 es |||||s|||| 00||0 spa d |
| 020 ## - INTERNATIONAL STANDARD BOOK NUMBER | |
| International Standard Book Number | 978-84-123809-3-4 |
| 035 ## - | |
| -- | 35644 |
| 040 ## - CATALOGING SOURCE | |
| Original cataloging agency | vLex |
| 090 ## - | |
| -- | 13348 |
| -- | 13348 |
| 100 1# - MAIN ENTRY--PERSONAL NAME | |
| Personal name | Lanaspa Mainz, David |
| 245 12 - TITLE STATEMENT | |
| Title | La pena de privación del derecho a conducir vehículos a motor y ciclomotores en el sistema penal español |
| Medium | [Recurso electrónico] / |
| Statement of responsibility, etc | David Lanaspa Mainz |
| 256 ## - | |
| -- | Servicio en línea |
| 260 ## - PUBLICATION, DISTRIBUTION, ETC. (IMPRINT) | |
| Place of publication, distribution, etc | Barcelona: |
| Name of publisher, distributor, etc | J.M. Bosch Editor, |
| Date of publication, distribution, etc | 2021 |
| 300 ## - PHYSICAL DESCRIPTION | |
| Extent | 1 recurso electrónico |
| 500 ## - GENERAL NOTE | |
| General note | La obra analiza una pena privativa de derechos como es la privación del derecho a conducir vehículos a motor y ciclomotores: una pena con una presencia importante en la praxis judicial dado que representa aproximadamente el 8% del total de penas impuestas en España. La privación del derecho a conducir vehículos a motor y ciclomotores tiene especial incidencia en los delitos relacionados con el tráfico viario, ámbito en expansión desde la entrada en vigor de la LO 15/2007 de 30 de noviembre de reforma del Código Penal. Se realiza en primer lugar, un análisis integral de la regulación actual de la pena en el sistema penal español. En segundo lugar, se estudia su aplicación en la práctica de los Juzgados y Tribunales.Y finalmente se analizan los déficits que presenta tanto en la regulación, aplicación y ejecución de la misma. Para la elaboración de esta investigación se ha analizado la doctrina relativa al sistema de penas, en concreto las penas privativas de derechos, así como la relativa a los delitos contra la seguridad vial. Igualmente, se ha realizado un exhaustivo análisis jurisprudencial de los supuestos en los que se ha impuesto la privación del derecho a conducir, bien como pena, medida de seguridad o medida cautelar, detallándose las principales resoluciones en un amplio anexo jurisprudencial que alcanza los últimos treinta años. Todo ello hace de esta monografía una herramienta útil para los profesionales vinculados al estudio y aplicación de los delitos relacionados con la seguridad vial (Jueces y Magistrados, Fiscales, Letrados de la Administración de Justicia, Abogados, Policías, Profesores Universitarios, Estudiantes, etc.), al contener un estudio minucioso de todos los aspectos prácticos relacionados con la pena de privación del derecho a conducir vehículos a motor y ciclomotores. |
| 506 1# - RESTRICTIONS ON ACCESS NOTE | |
| Terms governing access | Disponible solo en los productos indicados |
| Authorized users | vLex Global |
| -- | vLex Global (Academic Edition, excluding Law Schools) |
| -- | vLex Global (U.S. Academic Edition, Law Schools) |
| -- | vLex Global (U.S. Academic Edition, excluding Law Schools) |
| -- | vLex Global (Academic Edition, Law Schools) |
| 650 04 - SUBJECT ADDED ENTRY--TOPICAL TERM | |
| Topical term or geographic name as entry element | Derecho Penal |
| Geographic subdivision | España |
| 650 04 - SUBJECT ADDED ENTRY--TOPICAL TERM | |
| Topical term or geographic name as entry element | Procedimiento Penal |
| Geographic subdivision | España |
| 740 0# - | |
| -- | vLex Libros (Servicio en línea) |
| 856 40 - LOCALIZACIÓN Y ACCESO ELECTRÓNICO | |
| Identificador Uniforme del Recurso (URI/URL) | https://app.vlex.com/#/sources/35644 |
| 942 ## - | |
| -- | RAA |
| 999 ## - | |
| -- | 171584 |
| -- | 171584 |
No hay ítems disponibles.